Історія Української Греко-Православної Церкви в Канаді (Запис № 437143)

МАРК-запис
000 -Лідер
fixed length control field 00939nam a22002657a 4500
001 - Контрольний номер
control field 38634
003 - Ідентифікатор контрольного номера
control field UA-OsUOA
005 - Дата та час останнього входження (трансакції)
control field 20220205201730.0
007 - Фіксоване поле фізичного опису
fixed length control field ta
008 - Елементи даних фіксованої довжини – загальна інформація
fixed length control field 20080131b un ||||| |||| 00| 0 ukr d
040 ## - Джерело каталогізації
Агенція оригінальної каталогізації UA-OsUOA
Мова каталогізації ukr
Агенція, яка здійснювала перезапис UA-OsUOA
Агенція, яка здійснювала модифікацію UA-OsUOA
041 ## - Код мови
Код мови тексту/ звукової доріжки чи окремого заголовка (П) ukr
080 ## - Індекс Універсальної десяткової класифікації
Індекс Універсальної десяткової класифікації (УДК) (НП) 281.9
090 ## - Локальний шифр розміщення
Класифікаційний індекс УДК 281.9
Авторський знак (НП) С13
100 ## - Основне введення – ім’я особи
Ім’я особи (НП) Савчук С.
245 ## - Відомості про назву
Назва (НП) Історія Української Греко-Православної Церкви в Канаді
Дані про відповідальність (НП) Савчук С., Мулик-Луцик Ю.
260 ## - Публікація, розповсюдження і т.п. (Вихідні дані)
Місце публікації, розповсюдження і т.п. (П) Вінніпег
Дата публікації, розповсюдження і т.п. (П) 1985
300 ## - Фізичний опис
Обсяг 784 с.
505 ## - Форматована примітка про зміст
Змішана інформація т. 2
Назва Період зародження ідеї оснування Української греко-православної церкви в Канаді
650 #7 - Додаткове предметне введення – тематичний термін
Джерело заголовка чи терміна UDC
942 ## - Додаткові елементи входу (Коха)
Тип елемента Koha Книги
Source of classification or shelving scheme Universal Decimal Classification
955 ## - Код типу видання за змістом
Код типу видання за змістом (НП) Наукові видання
Фонди
Стан вилучень Стан втрат Джерело класифікації або схеми стелажів Стан уражень Не для кредиту Постійне місце розташування Поточне розміщення Дата придбання Джерело придбання Вартість, звичайна ціна покупки Інвентарний номер Усього замовленно Повний номер виклику Штрих-код Дата останнього перегляду Ціна ефективна від Тип елемента Koha
    Universal Decimal Classification     Наукова бібліотека ІДУД Наукова бібліотека ІДУД 31/01/2008 151/2008 1.00 2127613   281.9 С13 2127613 15/09/2019 31/01/2008 Книги